| 000 | 01417nac a22004577a 4500 | ||
|---|---|---|---|
| 001 | BR2013009141 | ||
| 003 | BR-BrBNA | ||
| 005 | 20240105124004.0 | ||
| 008 | 230509b bl.|||m| |||| 00| 0 por d | ||
| 040 |
_aBR-BrBNA _bpor _cBiblioteca Nacional de Agricultura |
||
| 072 | _aF30; A50; E70 | ||
| 090 | _a2230 BR2013009141 | ||
| 100 | 1 | _aCrisóstomo, J.R. | |
| 100 | 1 | _aFurtado, R.F. | |
| 100 | 1 | _aBarreto, P.D. | |
| 100 | 1 | _aMiranda, F.R. de | |
| 100 | 1 | _aGondim, R.S. | |
| 100 | 1 | _aBleicher, E. | |
| 100 | 1 | _aRodrigues, S.M.M. | |
| 100 | 1 | _aPinto, G.A.S. | |
| 100 | 1 | _aBrito, E.S. | |
| 100 | 1 | _aLima, J.A. de A. | |
| 100 | 1 | _aPereira, R. de C.A. | |
| 100 | 1 | _aRocha Filho, R.R. da | |
| 100 | 1 | _aFreitas, J.G. | |
| 100 | 1 | _aMiranda Filho, L.L.M. | |
| 100 | 1 | _aRabelo Filho, F. de A.C. | |
| 110 | 1 |
_aEMBRAPA Agroindústria Tropical, Fortaleza, CE (Brasil) _93541 |
|
| 245 | 1 | _aPesquisa e desenvolvimento para o agronegócio pimenta no Ceará | |
| 260 | 3 |
_aFortaleza, CE (Brasil): _c2008. |
|
| 300 | _a36 p. | ||
| 490 |
_aDocumentos - EMBRAPA Agroindústria Tropical (Brazil) _vno. 118 _xISSN 1677-1915 |
||
| 500 | _a13 tables; 7 illus.; 13 ref. | ||
| 650 | _aPIMENTA MALAGUETA | ||
| 650 | _aPESQUISA AGRÍCOLA | ||
| 650 | _aAGRONEGÓCIO | ||
| 650 | _aVARIEDADE | ||
| 650 | _aMÉTODO ESTATÍSTICO | ||
| 909 |
_a202312 _bLúcia Elande _c55 _dLúcia Elande |
||
| 942 |
_2AGRIS _n0 _cMS |
||
| 999 |
_c297861 _d297861 |
||